000 00499nam a22001817a 4500
005 20230110161523.0
008 221220b |||||||| |||| 00| 0 eng d
020 _a978-81312-6225-2
041 _aeng
082 _a615.1 AUL-A
100 _aAULTON , MICHAELE ., TYLOR , KEVIN M. G
_97413
245 _aAULTON'S PHARMACEUTICS THE DESIGN AND MENUFACTURE OF MEDICINE
250 _a5th ed.
260 _bELSEVIER
_c2020
300 _a918;P.
650 _aPHARMACY
_xB.PHARMA
_97083
942 _cBK
999 _c8143
_d8141